Adelaide Crows Theme Song - Statistics

General Stats
  • This quiz has been taken 213 times
  • The average score is 71 of 102
Answer Stats
Answer % Correct
Adelaide
96%
We
96%
The
95%
Crows
93%
Of
89%
Pride
89%
South
88%
Australia
87%
Where
86%
And
85%
We're
85%
Mighty
82%
Our
76%
Foes
72%
As
71%
By
71%
Nation
70%
Faster
69%
Respected
69%
Known
67%
Stronger
67%
Courageous
64%
Shows
52%
Determination
50%
Admiration
44%
Go
43%
Be
42%
To
42%
Will
40%
Coast
37%
Best
36%
From
36%
Give
33%
Story
33%
Told
33%
Flag
30%
Fight
28%
Goal
26%
See
24%
Us
23%
Through
22%
Yes
22%
Rugged
21%
Commitment
20%
Ever
20%
Skill
20%
Battles
19%
Grows
16%
Nerve
13%
No matching quizzes found
Score Distribution
Percent of People with Each Score
Percentile by Number Answered
Your Score History
You have not taken this quiz